[Event "POL-chT U19 2nd League"]
[Site "Szczyrk"]
[Date "2014.08.02"]
[Round "11.123"]
[White "Wloch, Mikolaj"]
[Black "Komandera, Pawel"]
[Result "0-1"]
[WhiteElo "1482"]
[BlackElo "1453"]
[PlyCount "50"]
[EventDate "2014.07.25"]
[EventType "team-swiss"]
[EventRounds "11"]
[EventCountry "POL"]
[SourceTitle "EXT 2015"]
[Source "ChessBase"]
[SourceDate "2014.11.20"]
[SourceVersion "1"]
[SourceVersionDate "2014.11.20"]
[SourceQuality "1"]
[WhiteTeam "Bydgoszcz Chemik U19"]
[BlackTeam "Imielin MKSz Diagonalia U19"]
[WhiteTeamCountry "POL"]
[BlackTeamCountry "POL"]

1. e4 e6 2. d4 d5 3. Nd2 Nf6 4. e5 Nfd7 5. Bd3 c5 6. c3 Nc6 7. Ne2 cxd4 8. cxd4 Be7 9. Nf3 Nb6 10. 0-0 h5 11. h3 Bd7 12. Nh2 Nb4 13. Bb1 Bb5 14. a3 Nc6 15. Re1 Bxe2 16. Rxe2 Rc8 17. Nf3 g5 18. Be3 Nc4 19. Qb3 g4 20. hxg4 hxg4 21. Nh2 Nxe3 22. Qxe3 Nxd4 23. Qxd4 Rc1+ 24. Nf1 Rxf1+ 25. Kxf1 Rh1# 0-1

[Event "POL-chT U19 2nd League"]
[Site "Szczyrk"]
[Date "2014.07.31"]
[Round "9.127"]
[White "Madalinski, Jan"]
[Black "Komandera, Pawel"]
[Result "1/2-1/2"]
[WhiteElo "1474"]
[BlackElo "1453"]
[PlyCount "47"]
[EventDate "2014.07.25"]
[EventType "team-swiss"]
[EventRounds "11"]
[EventCountry "POL"]
[SourceTitle "EXT 2015"]
[Source "ChessBase"]
[SourceDate "2014.11.20"]
[SourceVersion "1"]
[SourceVersionDate "2014.11.20"]
[SourceQuality "1"]
[WhiteTeam "Belchatow UKS Jedynka U19"]
[BlackTeam "Imielin MKSz Diagonalia U19"]
[WhiteTeamCountry "POL"]
[BlackTeamCountry "POL"]

1. Nf3 e6 2. d4 d5 3. c4 c6 4. Nc3 f5 5. e3 Nf6 6. Bd2 Bd6 7. cxd5 exd5 8. Rc1 0-0 9. Be2 Ne4 10. Na4 Nd7 11. b4 a5 12. b5 c5 13. dxc5 Ndxc5 14. 0-0 Nxd2 15. Nxd2 Qh4 16. Nf3 Bxh2+ 17. Nxh2 Nxa4 18. g3 Qb4 19. a3 Qb2 20. Rb1 Qa2 21. Ra1 Qb2 22. Rb1 Qa2 23. Ra1 Qb2 24. Rb1 1/2-1/2

[Event "POL-chT U19 2nd League"]
[Site "Szczyrk"]
[Date "2014.07.29"]
[Round "7.92"]
[White "Lipski, Lukasz"]
[Black "Komandera, Pawel"]
[Result "1-0"]
[WhiteElo "1595"]
[BlackElo "1453"]
[PlyCount "49"]
[EventDate "2014.07.25"]
[EventType "team-swiss"]
[EventRounds "11"]
[EventCountry "POL"]
[SourceTitle "EXT 2015"]
[Source "ChessBase"]
[SourceDate "2014.11.20"]
[SourceVersion "1"]
[SourceVersionDate "2014.11.20"]
[SourceQuality "1"]
[WhiteTeam "Wroclaw KS Polonia U19 II"]
[BlackTeam "Imielin MKSz Diagonalia U19"]
[WhiteTeamCountry "POL"]
[BlackTeamCountry "POL"]

1. d4 e6 2. Nf3 d5 3. c4 c6 4. Nc3 f5 5. cxd5 exd5 6. Bf4 Nf6 7. e3 Bd6 8. Be5 0-0 9. Bd3 Ne4 10. Qb3 Kh8 11. Rc1 Bxe5 12. Nxe5 Nd7 13. Nxd7 Qxd7 14. Qb4 Qf7 15. 0-0 Be6 16. Nxe4 fxe4 17. Be2 Qg6 18. f3 Bh3 19. Rf2 exf3 20. Bxf3 Rxf3 21. Rcf1 Rxf2 22. Rxf2 Bf5 23. Qxb7 Rc8 24. Qxc8+ Bxc8 25. Rf8# 1-0

[Event "POL-chT U19 2nd League"]
[Site "Szczyrk"]
[Date "2014.07.28"]
[Round "5.104"]
[White "Kucza, Jan"]
[Black "Komandera, Pawel"]
[Result "1-0"]
[WhiteElo "1460"]
[BlackElo "1453"]
[PlyCount "79"]
[EventDate "2014.07.25"]
[EventType "team-swiss"]
[EventRounds "11"]
[EventCountry "POL"]
[SourceTitle "EXT 2015"]
[Source "ChessBase"]
[SourceDate "2014.11.20"]
[SourceVersion "1"]
[SourceVersionDate "2014.11.20"]
[SourceQuality "1"]
[WhiteTeam "Rybnik MKSz U19 II"]
[BlackTeam "Imielin MKSz Diagonalia U19"]
[WhiteTeamCountry "POL"]
[BlackTeamCountry "POL"]

1. e4 b6 2. d4 Bb7 3. Nc3 e6 4. Bf4 d5 5. Bd3 Nf6 6. f3 Be7 7. Nge2 0-0 8. e5 Nfd7 9. Be3 c5 10. Bb5 a6 11. Bxd7 Nxd7 12. f4 f5 13. g4 g6 14. gxf5 Rxf5 15. Ng3 Bh4 16. Qg4 Bxg3+ 17. hxg3 Qe7 18. 0-0-0 Rc8 19. Qe2 Rf7 20. Rh6 Rg7 21. Rdh1 cxd4 22. Bxd4 Rc4 23. Bf2 b5 24. Nb1 Re4 25. Qf1 Rc4 26. Nd2 Rc8 27. Bd4 Nc5 28. Nf3 Ne4 29. Qg2 Qf7 30. Qh2 Rc7 31. Bb6 Rc6 32. Bd8 Qf8 33. Rxh7 Kf7 34. Bf6 Nxf6 35. exf6 Rxh7 36. Qxh7+ Kxf6 37. Ne5 Rxc2+ 38. Kxc2 Qc5+ 39. Kb1 Qe3 40. Ng4+ 1-0

[Event "POL-chT U19 2nd League"]
[Site "Szczyrk"]
[Date "2014.07.27"]
[Round "4.68"]
[White "Fudalej, Slawomir"]
[Black "Komandera, Pawel"]
[Result "1-0"]
[WhiteElo "1615"]
[BlackElo "1453"]
[PlyCount "109"]
[EventDate "2014.07.25"]
[EventType "team-swiss"]
[EventRounds "11"]
[EventCountry "POL"]
[SourceTitle "EXT 2015"]
[Source "ChessBase"]
[SourceDate "2014.11.20"]
[SourceVersion "1"]
[SourceVersionDate "2014.11.20"]
[SourceQuality "1"]
[WhiteTeam "Kozuchow Odrodzenie U19"]
[BlackTeam "Imielin MKSz Diagonalia U19"]
[WhiteTeamCountry "POL"]
[BlackTeamCountry "POL"]

1. d4 e6 2. e4 d5 3. Nc3 dxe4 4. Nxe4 Bd7 5. Bd3 Bc6 6. Nf3 Nd7 7. 0-0 Ngf6 8. Nxf6+ Nxf6 9. c3 Bd6 10. Re1 0-0 11. Bg5 h6 12. Bh4 g5 13. Bg3 Bxg3 14. hxg3 b6 15. Ne5 Bb7 16. f3 Nh5 17. Kf2 Nf6 18. Rh1 Kg7 19. Qc2 Rh8 20. Bg6 Ng4+ 21. fxg4 Qd5 22. Rh2 f6 23. Bh5 Qe4 24. Qxe4 Bxe4 25. Nf3 Bc6 26. Re1 Bd7 27. Rhh1 Rad8 28. Re3 Bc8 29. Rhe1 Rd6 30. Nd2 Rf8 31. Ne4 Rc6 32. b4 a6 33. a4 f5 34. gxf5 exf5 35. Nd2 f4 36. Re7+ Kg8 37. c4 fxg3+ 38. Kxg3 Rcf6 39. Re8 Bd7 40. Rxf8+ Rxf8 41. Rf1 Rd8 42. b5 axb5 43. axb5 Ra8 44. Bg4 Be8 45. Ne4 Kg7 46. Nf6 Bg6 47. Bh5 Bd3 48. Rf3 Bxc4 49. Be8 Ra2 50. Bc6 Rd2 51. Ne8+ Kg8 52. d5 Bxd5 53. Bxd5+ Rxd5 54. Nf6+ Kg7 55. Nxd5 1-0

[Event "POL-chT U19 2nd League"]
[Site "Borowice"]
[Date "2012.07.23"]
[Round "4"]
[White "Komandera, Pawel"]
[Black "Piela, Dominik"]
[Result "1/2-1/2"]
[WhiteElo "1270"]
[BlackElo "1560"]
[PlyCount "98"]
[EventDate "2012.07.21"]
[EventType "team-swiss"]
[EventRounds "11"]
[EventCountry "POL"]
[SourceTitle "EXT 2014"]
[Source "ChessBase"]
[SourceDate "2013.11.20"]
[SourceVersion "1"]
[SourceVersionDate "2013.11.20"]
[SourceQuality "1"]
[WhiteTeam "Imielin MKSz Diagonalia U19"]
[BlackTeam "Pszczyna PSSz U19"]
[WhiteTeamCountry "POL"]
[BlackTeamCountry "POL"]

1. e4 c5 2. c3 d5 3. exd5 Qxd5 4. d4 g6 5. Nf3 Bg7 6. Be2 cxd4 7. cxd4 Nf6 8. 0-0 0-0 9. Nc3 Qd8 10. Bf4 Bf5 11. a3 Nd5 12. Nxd5 Qxd5 13. Rc1 Nc6 14. Bc4 Qe4 15. Be3 Bg4 16. Be2 Rad8 17. Re1 Nxd4 18. Nxd4 Bxe2 19. Qxe2 Bxd4 20. Bxd4 Qxe2 21. Rxe2 Rxd4 22. Rxe7 Rfd8 23. g3 R4d7 24. Rc7 Rxe7 25. Rxe7 Rb8 26. Kg2 Kg7 27. h3 Kf6 28. Rc7 h5 29. h4 a5 30. b3 b6 31. Kf3 Re8 32. Rc4 Re6 33. b4 axb4 34. Rxb4 Ke7 35. Rd4 b5 36. a4 bxa4 37. Rxa4 Kf6 38. Rf4+ Kg7 39. g4 hxg4+ 40. Kxg4 Re1 41. Rf3 Re4+ 42. Rf4 Re1 43. Kh3 Ra1 44. Kg2 Ra2 45. Kg3 Ra1 46. Kg2 Ra2 47. Kg3 Ra1 48. Kh2 Ra2 49. Kg3 Ra1 1/2-1/2